Brainrot Quiz - Statistics

General Stats
  • This quiz has been taken 67 times
  • The average score is 10 of 15
Answer Stats
Hint Answer % Correct
Can talk to girls Rizz
96%
Lone wolf Alpha
93%
Funny USA state Ohio
91%
Improving jawline Mewing
89%
-10 000 what? Aura
84%
Large butt Gyatt
84%
Man in a toilet Skibidi toilet
82%
Stopping before finishing Edging
77%
Better than 1 Sigma
74%
Worse than 1 Beta
67%
More handsome than someone Mog
54%
Best drink ever Grimace Shake
53%
Stretching wood Jelqing
53%
Failing to do 5 Gooning
39%
No (sauce) Chic Fil A Sauce
2%
No matching quizzes found
Score Distribution
Percent of People with Each Score
Percentile by Number Answered
Your Score History
You have not taken this quiz